000 00910nam1a22002411i 4500
001 rc\3996253
005 20260407024124.0
035 _a(NLR Aleph) 008070694
090 _a9060898
_c9060898
100 _a20130415d1949 |||y0rusy50 ca
101 0 _arus
102 _aRU
105 _ay z |||||
200 1 _aПеречень переводов, выполненных Отделом переводов Всесоюзной торговой палаты за 1944-1948 гг.
_eВып. 1-
210 _a[Москва
_cБ. и.
_d1949]
215 _d30
300 _aНапеч. на ротапринте
606 _aТехническая информация
_jКаталоги переводов
_2psbo
710 0 2 _aВсесоюзная торговая палата
_9517138
_3RU\NLR\AUTH\8810009699
801 0 _aRU
_bNLR
_gpsbo
801 1 _aRU
_bELAR
_2rusmarc
852 _aNLR
_jС301-666/В85
942 _cBOOK